How to win friends and influence people : (Record no. 368185)
[ view plain ]
| 000 -LEADER | |
|---|---|
| fixed length control field | 00926nam a22002297a 4500 |
| 003 - CONTROL NUMBER IDENTIFIER | |
| control field | 0 |
| 005 - DATE AND TIME OF LATEST TRANSACTION | |
| control field | 20251008153518.0 |
| 008 - FIXED-LENGTH DATA ELEMENTS--GENERAL INFORMATION | |
| fixed length control field | 251008b xxu||||| |||| 00| 0 eng d |
| 020 ## - INTERNATIONAL STANDARD BOOK NUMBER | |
| International Standard Book Number | 978-1-9821-7146-9 |
| 050 ## - LIBRARY OF CONGRESS CALL NUMBER | |
| Classification number | BF 637.C45 |
| Item number | .C37 2022 |
| 100 ## - MAIN ENTRY--PERSONAL NAME | |
| Personal name | Carnegie, Dale, |
| Relator term | author. |
| 245 ## - TITLE STATEMENT | |
| Title | How to win friends and influence people : |
| Remainder of title | updated for the next generation of leaders / |
| Statement of responsibility, etc | Dale Carnegie. |
| 260 ## - PUBLICATION, DISTRIBUTION, ETC. (IMPRINT) | |
| Place of publication, distribution, etc | New York : |
| Name of publisher, distributor, etc | Simon & Schuster, |
| Date of publication, distribution, etc | 2022. |
| 300 ## - PHYSICAL DESCRIPTION | |
| Extent | 284 pages ; |
| Dimensions | 23 cm. |
| 500 ## - GENERAL NOTE | |
| General note | First published in 1936; this edition includes updated examples and modern leadership insights. |
| 520 ## - SUMMARY, ETC. | |
| Summary, etc | An updated edition of Dale Carnegie’s timeless guide to interpersonal success, revised with examples and principles for leadership in the 21st century. |
| 650 ## - SUBJECT ADDED ENTRY--TOPICAL TERM | |
| Topical term or geographic name as entry element | Interpersonal relations. |
| 650 ## - SUBJECT ADDED ENTRY--TOPICAL TERM | |
| Topical term or geographic name as entry element | Success. |
| 650 ## - SUBJECT ADDED ENTRY--TOPICAL TERM | |
| Topical term or geographic name as entry element | Self-actualization (Psychology). |
| 650 ## - SUBJECT ADDED ENTRY--TOPICAL TERM | |
| Topical term or geographic name as entry element | Leadership. |
| 942 ## - ADDED ENTRY ELEMENTS (KOHA) | |
| Source of classification or shelving scheme | Library of Congress Classification |
| Koha item type | Books |
| Withdrawn status | Lost status | Source of classification or shelving scheme | Damaged status | Home library | Current library | Shelving location | Date acquired | Source of acquisition | Sub Shelving location | Total Checkouts | Full call number | Barcode | Date last seen | Date checked out | Price effective from | Koha item type |
|---|---|---|---|---|---|---|---|---|---|---|---|---|---|---|---|---|
| Library of Congress Classification | Luxembourg Library | Luxembourg Library | High School Section | 11/19/2024 | Library Fund | 1 | BF 637.C45 .C37 2022 | 21390 | 10/08/2025 | 10/08/2025 | 10/08/2025 | Books |